Получение металлического лития с помощью электролизера в инертной атмосфере; Химия и химическая технология в XXI веке; Т. 1

Bibliographic Details
Parent link:Химия и химическая технология в XXI веке: материалы XXII Международной научно-практической конференции студентов и молодых ученых имени выдающихся химиков Л. П. Кулёва и Н. М. Кижнера, посвященной 125-летию со дня основания Томского политехнического университета, Томск, 17-20 мая 2021 г./ Национальный исследовательский Томский политехнический университет (ТПУ) ; Инженерная школа природных ресурсов ; Исследовательская школа химических и биомедицинских технологий.— , 2021
Т. 1.— 2021.— [С. 143-144]
Main Author: Шишков П. В.
Corporate Author: Национальный исследовательский Томский политехнический университет Инженерная школа ядерных технологий Отделение ядерно-топливного цикла
Other Authors: Ворошилов Ф. А. Федор Анатольевич (научный руководитель)
Summary:Заглавие с титульного экрана
Language:Russian
Published: 2021
Series:Химия и химическая технология неорганических веществ и материалов
Subjects:
Online Access:http://earchive.tpu.ru/handle/11683/66189
Format: Electronic Book Chapter
KOHA link:https://koha.lib.tpu.ru/cgi-bin/koha/opac-detail.pl?biblionumber=632815

MARC

LEADER 00000naa2a2200000 4500
001 632815
005 20231101133730.0
035 |a (RuTPU)RU\TPU\conf\34537 
035 |a RU\TPU\conf\34528 
090 |a 632815 
100 |a 20210521d2021 k y0rusy50 ca 
101 0 |a rus 
102 |a RU 
105 |a y z 101zy 
135 |a drgn ---uucaa 
181 0 |a i  
182 0 |a b 
200 1 |a Получение металлического лития с помощью электролизера в инертной атмосфере  |f П. В. Шишков  |g науч. рук. Ф. А. Ворошилов 
203 |a Текст  |c электронный 
225 1 |a Химия и химическая технология неорганических веществ и материалов 
230 |a 1 компьютерный файл (pdf; 1 382 Kb) 
300 |a Заглавие с титульного экрана 
320 |a [Библиогр.: с. 144 (3 назв.)] 
461 1 |0 (RuTPU)RU\TPU\conf\34506  |t Химия и химическая технология в XXI веке  |o материалы XXII Международной научно-практической конференции студентов и молодых ученых имени выдающихся химиков Л. П. Кулёва и Н. М. Кижнера, посвященной 125-летию со дня основания Томского политехнического университета, Томск, 17-20 мая 2021 г.  |o в 2 т.  |f Национальный исследовательский Томский политехнический университет (ТПУ) ; Инженерная школа природных ресурсов ; Исследовательская школа химических и биомедицинских технологий  |d 2021 
463 1 |0 (RuTPU)RU\TPU\conf\34507  |t Т. 1  |v [С. 143-144]  |d 2021 
610 1 |a труды учёных ТПУ 
610 1 |a электронный ресурс 
610 1 |a металлический литий 
610 1 |a электролизеры 
610 1 |a атмосфера 
610 1 |a хлорид лития 
610 1 |a гигроскопичность 
700 1 |a Шишков  |b П. В. 
702 1 |a Ворошилов  |b Ф. А.  |c химик-технолог  |c доцент Томского политехнического университета, кандидат технических наук  |f 1962-  |g Федор Анатольевич  |2 stltpush  |4 727 
712 0 2 |a Национальный исследовательский Томский политехнический университет  |b Инженерная школа ядерных технологий  |b Отделение ядерно-топливного цикла  |h 7864  |2 stltpush  |3 (RuTPU)RU\TPU\col\23554 
801 2 |a RU  |b 63413507  |c 20210531  |g RCR 
856 4 |u http://earchive.tpu.ru/handle/11683/66189 
942 |c BK